|
|
|
|
| LEADER |
01055nam a2200277 a 4500 |
| 001 |
12547060 |
| 008 |
120130s2002 ilua b 001 0 eng |
| 010 |
|
|
|a 2001005920
|
| 020 |
|
|
|a 0226500128 (cloth : alk. paper)
|
| 020 |
|
|
|a 0226500136 (pbk. : alk. paper)
|
| 040 |
|
|
|a DLC
|c DLC
|d DLC
|d BD-DhAAL
|
| 042 |
|
|
|a pcc
|
| 050 |
0 |
0 |
|a GN33.6
|b .E93 2002
|
| 082 |
0 |
0 |
|a 301
|2 21
|
| 245 |
0 |
0 |
|a Exotic no more :
|b anthropology on the front lines /
|c edited by Jeremy MacClancy.
|
| 260 |
|
|
|a Chicago :
|b University of Chicago Press,
|c 2002.
|
| 300 |
|
|
|a 456 p. :
|b ill. (some col.) ;
|c 25 cm.
|
| 504 |
|
|
|a Includes bibliographical references and index.
|
| 541 |
|
|
|e 00024433
|
| 650 |
|
0 |
|a Anthropological ethics.
|
| 650 |
|
0 |
|a Anthropology
|x Fieldwork.
|
| 650 |
|
0 |
|a Philosophical anthropology.
|
| 700 |
1 |
|
|a MacClancy, Jeremy.
|
| 852 |
1 |
|
|a James P Grant School of Public Health
|c General Shelf.
|
| 999 |
|
|
|c 11830
|d 11830
|
| 952 |
|
|
|0 0
|1 0
|2 ddc
|4 0
|6 301_000000000000000_EXO
|7 0
|9 19325
|a JPGSPH
|b JPGSPH
|c GEN
|d 2012-01-31
|l 0
|o 301 EXO
|p 3060024433
|r 2012-01-31
|t 1
|w 2012-01-31
|y BK
|